[Event "Steinfurt Bezirksliga 0708"]
[Site "Germany"]
[Date "2007.11.10"]
[Round "3.7"]
[White "Recker, Yves"]
[Black "Merschkoetter, Peter"]
[Result "0-1"]
[WhiteElo "1306"]
[BlackElo "1608"]
[PlyCount "94"]
[EventDate "2007.09.22"]
[EventType "team-tourn"]
[EventRounds "9"]
[EventCountry "GER"]
[SourceTitle "EXT 2009"]
[Source "ChessBase"]
[SourceDate "2008.11.26"]
[SourceVersion "1"]
[SourceVersionDate "2008.11.26"]
[SourceQuality "1"]
[WhiteTeam "Rheine SG"]
[BlackTeam "Reckenfeld"]
[WhiteTeamCountry "GER"]
[BlackTeamCountry "GER"]

1. e4 e5 2. Nf3 Nf6 3. Nc3 d6 4. Bc4 Be7 5. d3 h6 6. Be3 Nc6 7. d4 exd4 8. Nxd4 Ne5 9. Bb3 c5 10. Nf3 Bg4 11. h3 Nxf3+ 12. gxf3 Bh5 13. Bf4 Qb6 14. Qd3 0-0-0 15. 0-0-0 a6 16. Rd2 Qc6 17. Nd5 Nxd5 18. Bxd5 Qb6 19. Rg1 g5 20. Bh2 Bf6 21. c3 Be5 22. Bg3 f6 23. Qe3 Qc7 24. f4 gxf4 25. Bxf4 Qh7 26. Bxe5 fxe5 27. c4 Rhf8 28. Be6+ Kc7 29. Bf5 Qh8 30. a3 Rg8 31. Rg3 Rxg3 32. fxg3 Bf7 33. b3 Qg7 34. Kc2 Rg8 35. Qd3 Qf6 36. g4 Qe7 37. Kc3 Rd8 38. Qe3 Qf6 39. b4 b6 40. a4 Rb8 41. Rb2 Be8 42. bxc5 dxc5 43. a5 Qc6 44. axb6+ Rxb6 45. Rxb6 Qxb6 46. h4 Ba4 47. Qd3 Qb4# 0-1